000 00780cam a22002651 4500
999 _c7314
_d7314
001 2651297
003 GBCCL
005 20241126110625.0
008 710408s1968 enk b 000 0 eng
010 _a 68096697
015 _aB68-05243
020 _a0340023643
040 _aDLC
_cDLC
_dDLC
050 0 0 _aBS1430.3
_b.G7 1968b
082 0 0 _a223.206
_bGRI
100 1 _aGriffith, Leonard,
_d1920-
_98036
245 1 0 _aGod in man's experience:
_bthe activity of God in the Psalms,
_cby Leonard Griffith.
260 _aLondon,
_bHodder & Stoughton,
_c1968.
300 _a192 p.
_c23 cm.
350 _a30/-
504 _aBibliographical footnotes.
630 0 0 _aBible.
_pPsalms
_xCommentaries.
_94450
906 _a7
_bcbc
_corignew
_du
_eopcn
_f19
_gy-gencatlg
942 _2ddc
_cBK
_03